| 000 | 00410nam a22001577a 4500 | ||
|---|---|---|---|
| 005 | 20180220154614.0 | ||
| 008 | 160426b xxu||||| |||| 00| 0 eng d | ||
| 020 | _a81-224-1522-9 | ||
| 041 | _aeng | ||
| 082 |
_b00071 _a001.42 |
||
| 100 |
_aKothari, C.R. _946 |
||
| 245 | _aResearch Methodology : Methods & Techniques | ||
| 260 |
_aNew Delhi _bNew Age Internation (P) Ltd Pub. _c2004 |
||
| 300 | _a401 | ||
| 942 | _cBK | ||
| 999 |
_c11 _d11 |
||